Представление документа в формате RUSMARC

Поле Инд. ПП Название Значение
Тип записи a
Библиографический уровень a
001 Контрольный номер a5a3ebce15854b418b6780d78c47f0d6
005 Дата корректировки 20181120134556.7
100 a Данные общей обработки 20180924 ||| 0rusy0189 ca
101 0_ a Язык текста rus
102 a Страна публикации RU
200 1_ f Первые сведения об ответственности О.Н. Васильева, Г.В. Костылева
a Заглавие Административная ответственность за незаконное потребление энергоресурсов
b Общее обозначение материала Текст
210 d Дата издания 2018
461 _0 1 2000
a Российская юстиция
463 _0 1 2000
a №8
v С. 15-19
1 2101
d 2018
1 001ea97698a602c41048943034f98a09bbe
606 a Основная рубрика Административное право
610 0_ a Ключевые слова АДМИНИСТРАТИВНАЯ ОТВЕТСТВЕННОСТЬ
a Ключевые слова ЭЛЕКТРОЭНЕРГЕТИКА
a Ключевые слова ПРАВОНАРУШЕНИЯ
700 _1 a Фамилия Васильева
b Имя О.Н.
701 _1 a Фамилия Костылева
b Имя Г.В.
801 _0 a Страна RU
b Организация РГУП
c Дата составления 20180924
g Правила каталогизации PSBO
801 _1 a Страна RU
b Организация РГУП
c Дата составления 20180924
g Правила каталогизации PSBO
901 t Тип документа b
w Контрольный № источника ea97698a602c41048943034f98a09bbe
905 a Дата ввода 20180924